[Event "Mlada Boleslav Region-ch U20"]
[Site "Mlada Boleslav"]
[Date "2014.06.22"]
[Round "7"]
[White "Smolik, Ales"]
[Black "Horak, Martin"]
[Result "0-1"]
[WhiteElo "1459"]
[BlackElo "1881"]
[PlyCount "46"]
[EventDate "2014.06.21"]
[EventType "swiss"]
[EventRounds "7"]
[EventCountry "CZE"]
[SourceTitle "EXT 2016"]
[Source "ChessBase"]
[SourceDate "2015.10.08"]
[SourceVersion "1"]
[SourceVersionDate "2015.10.08"]
[SourceQuality "1"]

1. e4 c5 2. Nf3 d6 3. Bc4 Nc6 4. d4 cxd4 5. Nxd4 Nf6 6. Nc3 g6 7. Be3 Bg7 8. 0-0 0-0 9. Qd2 Ng4 10. Nde2 Nxe3 11. Qxe3 Bd7 12. f4 Rc8 13. Bb3 a6 14. f5 Ne5 15. Qg3 b5 16. fxg6 hxg6 17. Nf4 Nc4 18. Bxc4 Rxc4 19. Rf2 b4 20. Nd1 Rxe4 21. Qd3 Re1+ 22. Rf1 Bb5 23. c4 bxc3 0-1

[Event "Mlada Boleslav Region-ch U20"]
[Site "Mlada Boleslav"]
[Date "2013.06.23"]
[Round "7"]
[White "Smolik, Ales"]
[Black "Strelba, Ivo"]
[Result "1-0"]
[WhiteElo "1472"]
[BlackElo "1343"]
[PlyCount "29"]
[EventDate "2013.06.22"]
[EventType "swiss"]
[EventRounds "7"]
[EventCountry "CZE"]
[SourceTitle "EXT 2015"]
[Source "ChessBase"]
[SourceDate "2014.11.20"]
[SourceVersion "1"]
[SourceVersionDate "2014.11.20"]
[SourceQuality "1"]

1. e4 c5 2. Nf3 Nc6 3. d4 cxd4 4. Nxd4 e5 5. Bc4 Nxd4 6. Qh5 Qf6 7. Bg5 Qg6 8. Qxg6 hxg6 9. Kd2 Be7 10. Be3 Nc6 11. Nc3 Nf6 12. Nb5 Kd8 13. Bxf7 Nxe4+ 14. Kd1 a6 15. Bb6# 1-0

[Event "Mlada Boleslav Region-ch U20"]
[Site "Mlada Boleslav"]
[Date "2012.06.24"]
[Round "7"]
[White "Elias, Jakub"]
[Black "Smolik, Ales"]
[Result "0-1"]
[WhiteElo "1250"]
[BlackElo "1345"]
[PlyCount "24"]
[EventDate "2012.06.23"]
[EventType "swiss"]
[EventRounds "7"]
[EventCountry "CZE"]
[SourceTitle "EXT 2014"]
[Source "ChessBase"]
[SourceDate "2013.11.20"]
[SourceVersion "1"]
[SourceVersionDate "2013.11.20"]
[SourceQuality "1"]

1. e4 e5 2. Nf3 Nc6 3. Bc4 Bc5 4. c3 Nf6 5. d4 exd4 6. e5 Ng4 7. cxd4 Bb4+ 8. Nc3 d6 9. exd6 Qxd6 10. 0-0 0-0 11. Qd3 Be6 12. Ng5 Qxh2# 0-1

[Event "Mlada Boleslav Region-ch U20"]
[Site "Mlada Boleslav"]
[Date "2012.06.24"]
[Round "6"]
[White "Smolik, Ales"]
[Black "Wagner, Adam"]
[Result "1-0"]
[WhiteElo "1345"]
[BlackElo "1250"]
[PlyCount "55"]
[EventDate "2012.06.23"]
[EventType "swiss"]
[EventRounds "7"]
[EventCountry "CZE"]
[SourceTitle "EXT 2014"]
[Source "ChessBase"]
[SourceDate "2013.11.20"]
[SourceVersion "1"]
[SourceVersionDate "2013.11.20"]
[SourceQuality "1"]

1. e4 e5 2. f4 exf4 3. Nf3 Nf6 4. d3 Nc6 5. Bxf4 h6 6. Nbd2 Bc5 7. c3 0-0 8. d4 Bb6 9. a3 a5 10. Bd3 Re8 11. 0-0 d5 12. e5 Nh5 13. Be3 Ne7 14. Ng5 hxg5 15. Qxh5 Ng6 16. Rxf7 Be6 17. Rxg7+ Kxg7 18. Qxg6+ Kf8 19. Rf1+ Ke7 20. Bxg5+ Kd7 21. Bxd8 Kxd8 22. Rf6 Kd7 23. Rxe6 Rxe6 24. Bf5 Rae8 25. Qf7+ Kd8 26. Bxe6 Re7 27. Qf6 Ke8 28. Qh8# 1-0